| 000 | 00423nam a2200157Ia 4500 | ||
|---|---|---|---|
| 008 | 231217s9999 xx 000 0 und d | ||
| 041 | _aEnglish | ||
| 082 | _a001.6424MAT ETT;1 `R' | ||
| 100 | _aEtter, Delores M. Kuncicky, David C. Hull, Doug. | ||
| 245 | 0 | _aIntroduction to matlab 6 | |
| 250 | _a2nd ed. | ||
| 260 |
_c2002 _bNew Jersey : Prentice-Hall, |
||
| 300 | _axviii+142 | ||
| 650 | _amatlab,6 | ||
| 942 | _cAA | ||
| 999 |
_c168764 _d168764 |
||